00346nam a2200145Ia 450000500170000000800460001703700120006304000200007504100130009508400220010810000220013024500310015226000090018330000080019220250508153928.0008 250505s9999 xx 000 0 eng d aTextual aFEDLbengcFEDL aeng2eng a891.86, DVAqFEDL aDvaracek Jaroslav 0aMuseum of czech literature c1963 a74p